02325nas a2200253 4545000010006000000050017000060080037000230030015000600400040000750800117001152450035002320220014002672640039002815201476003205050031017960410008018271000017018356500029018526500029018816500027019106500013019376500025019508560096019754314120260407193511.0260407s1986####ag###########|||spa#dAR-UNSa-BCEJYS aAR-UNSa-BCEJYSbspacAR-UNSa-BCEJYS a338.2xPolítica económica. Control de la economía. Gestión de la economía. Planificación económica10aThe world bank economic review a0258-6770 1aWashington :bThe World Bankc1986 aEs una revista profesional que difunde la investigación patrocinada por el Banco Mundial y otras instituciones. La revista pretende informar al análisis de políticas y opciones para lectores internacionales, incluyendo economistas y científicos sociales en el gobierno, negocios, agencias internacionales, universidades e instituciones de investigación para el desarrollo. La revisión proporciona la mejor y más reciente investigación en el campo del análisis cuantitativo de las políticas de desarrollo, con énfasis en la relevancia política y los aspectos operativos de la economía. Está destinado a lectores familiarizados con la teoría y el análisis económicos, pero no necesariamente competentes en técnicas matemáticas o econométricas avanzadas. Los artículos ilustran cómo la investigación profesional puede arrojar luz sobre las opciones de políticas, y el material proviene del trabajo realizado por personal y consultores del Banco Mundial y por investigadores externos. Se invita a los contribuyentes no bancarios a presentar su trabajo; La coherencia con la política del Banco Mundial no es un factor en la selección de artículos. Antes de ser aceptados para publicación, los artículos son revisados ​​por tres árbitros, uno del Banco Mundial y dos de fuera de la institución. Los artículos también deben ser aprobados por los miembros del consejo editorial antes de la aceptación final. aFerecuencia: Cuatrimestral aspa1 aKanbur, Ravi aPolítica de desarrollo aCondiciones económicas aPolítica económica aECONOMIA aDESARROLLO ECONOMICO41uhttps://biblioeco.unsa.edu.ar/pmb/images/revistas/R21132.jpgyImagen de portadaqimage/jpeg